000 00889nam a22003130a 4500
001 PT46689
003 AR-LpoUNG
005 20210131231135.0
008 191001s2007||||mx |||||||||||||||||spa d
020 _a9789702218890
_c$5,2
040 _aAR-LpoUNG
_bspa
_cAR-LpoUNG
_eaacr
041 _aspa
_afre
044 _amx
082 0 _aR443 332dic
245 1 0 _aDiccionario básico :
_bespañol francés, français espagnol
250 _a1ra. ed., 3ra. reimpr.
260 _aMéxico :
_bLarousse,
_c2007.
300 _axxvii, 238 p. :
_bil., gráfs., tbls., fot.
650 4 _aDICCIONARIOS
650 4 _aLENGUA ESPAÑOLA
650 4 _aLENGUA FRANCESA
650 4 _aMATERIAL DE REFERENCIA
651 4 _aDOCUMENTOS TEORICOS O METODOLOGICOS
653 _aDICCIONARIOS BILINGÜES
653 _aDICCIONARIOS DE FRANCES
710 2 _aLarousse
905 _a46689
942 _cLSALA
999 _c8257
_d8257